[Event "Budapest FS02 Elo-B"]
[Site "Budapest"]
[Date "2000.??.??"]
[Round "?"]
[White "Berczes, David"]
[Black "Sarkozi, Ferenc"]
[Result "1/2-1/2"]
[WhiteElo "2140"]
[BlackElo "2123"]
[PlyCount "51"]
[EventDate "2000.02.??"]
[Source "www.chesslib.no"]
[SourceDate "2004.05.04"]

1. e4 e6 2. d4 d5 3. Nc3 Nf6 4. Bg5 Be7 5. e5 Ng8 6. Bxe7 Nxe7 7. f4 h5 8. Nf3 Nf5 9. Bd3 g6 10. Qd2 a6 11. O-O-O Nd7 12. Qf2 b5 13. h3 h4 14. Bxf5 gxf5 15. g3 Qe7 16. Nxh4 Nb6 17. Nb1 Nc4 18. Qe1 b4 19. Nf3 Bd7 20. g4 fxg4 21. hxg4 O-O-O 22. Rxh8 Rxh8 23. Nbd2 Bc6 24. Kb1 Qf8 25. Qf2 Qh6 26. Ng5 1/2-1/2

[Event "It (Open) Budapest HUN"]
[Site "?"]
[Date "2006.03.24"]
[Round "2.19"]
[White "Amstadt Aron"]
[Black "Hess Christian"]
[Result "0-1"]
[WhiteElo "1869"]
[BlackElo "2320"]
[PlyCount "52"]
[EventDate "2006.??.??"]
[Source "www.chesslib.no"]
[SourceDate "2004.05.04"]

1. e4 e6 2. d4 d5 3. Nc3 Nf6 4. Bg5 Be7 5. e5 Ng8 6. Bxe7 Nxe7 7. Qd2 O-O 8. O-O-O c5 9. Nge2 Nbc6 10. f4 c4 11. g4 Qa5 12. a3 b5 13. Na2 Qb6 14. Bh3 a5 15. a4 bxa4 16. Qc3 Nb4 17. Kb1 Rb8 18. Rhf1 Bd7 19. Rd2 Rb7 20. Ka1 Nxa2 21. Kxa2 Rfb8 22. Rb1 Qb4 23. Rdd1 Nc6 24. Rdc1 Qe7 25. f5 Rb3 26. cxb3 axb3+ 0-1

[Event "Budapest HUN"]
[Site "?"]
[Date "2003.??.??"]
[Round "8"]
[White "Kayar Erdem"]
[Black "Sarkozi Ferenc"]
[Result "1-0"]
[WhiteElo "2050"]
[BlackElo "2035"]
[PlyCount "52"]
[EventDate "2003.??.??"]
[Source "www.chesslib.no"]
[SourceDate "2004.05.04"]

1. e4 e6 2. d4 d5 3. Nc3 Nf6 4. Bg5 Be7 5. e5 Ng8 6. h4 h6 7. Bxe7 Nxe7 8. Qg4 Nf5 9. Bd3 h5 10. Qf4 Nc6 11. Bxf5 exf5 12. Nge2 Be6 13. Qf3 Qd7 14. O-O-O Na5 15. Nf4 O-O-O 16. Nh3 Rh7 17. g3 b5 18. Nf4 b4 19. Nce2 Qb5 20. Qd3 Qb6 21. f3 g6 22. g4 Rdh8 23. gxh5 gxh5 24. Kb1 b3 25. axb3 Nc6 26. Nxe6 fxe6 1-0

[Event "WYCC 2008 U14 girls"]
[Site "Vung Tau City VIE"]
[Date "2008.10.22"]
[Round "4.11"]
[White "Hakimifard, Ghazal"]
[Black "Bakri, Alia Anin Azwa"]
[Result "1-0"]
[WhiteElo "2043"]
[BlackElo "1907"]
[PlyCount "67"]
[EventDate "2008.10.20"]
[Source "www.chesslib.no"]
[SourceDate "2004.05.04"]

1. e4 e6 2. d4 d5 3. Nc3 Nf6 4. Bg5 Be7 5. e5 Ng8 6. Bxe7 Nxe7 7. Qg4 O-O 8. Bd3 b6 9. Nh3 Nf5 10. Nf4 Nh6 11. Qg3 f5 12. O-O-O Qe7 13. Qf3 c6 14. h3 Kh8 15. Kb1 Ba6 16. Nce2 Bxd3 17. Qxd3 Nd7 18. g4 c5 19. c3 c4 20. Qc2 b5 21. g5 Ng8 22. h4 Rfb8 23. h5 Nf8 24. Ng6+ hxg6 25. hxg6+ Nh6 26. gxh6 Nxg6 27. Qd2 Kg8 28. Rdg1 b4 29. Rxg6 bxc3 30. Nxc3 Qb4 31. Rxg7+ Kh8 32. Rhg1 Rb7 33. Rxb7 Qxb7 34. Qg5 1-0

[Event "13. Clansko DP Slovenije 2003"]
[Site "?"]
[Date "2003.08.08"]
[Round "7"]
[White "Piber Vinko"]
[Black "Rozic Samo"]
[Result "1-0"]
[WhiteElo "2017"]
[BlackElo "1594"]
[PlyCount "65"]
[EventDate "2003.??.??"]
[Source "www.chesslib.no"]
[SourceDate "2004.05.04"]

1. e4 e6 2. d4 d5 3. Nc3 Nf6 4. Bg5 Be7 5. e5 Ng8 6. Be3 f6 7. Bd3 f5 8. Qd2 c6 9. Na4 Nd7 10. b3 Nb6 11. Nc5 Bxc5 12. dxc5 Nd7 13. f4 Ne7 14. Nf3 Qc7 15. Ng5 Nf8 16. Qb4 h6 17. Nf3 Nfg6 18. h4 Nf8 19. h5 Nh7 20. Kf2 Bd7 21. a4 Kf7 22. a5 a6 23. Rag1 Rag8 24. g4 fxg4 25. Nh4 Nf8 26. Rxg4 Nf5 27. Ng6 Nxg6 28. Rxg6 Ne7 29. Rg2 Nf5 30. Bxf5 exf5 31. Rg6 Be6 32. Rhg1 Kf8 33. Rxe6 1-0